Statistics for "Wild" Things

Click here to take the quiz!

General Stats

  • This quiz has been taken 134 times
  • The average score is 9 of 20

Answer Stats

Clue"Wild" thing% Correct
Lou Reed wants you to Take a Walk on the...Wild Side
91%
The American frontierWild West
88%
He played Willy Wonka and FrankensteinGene Wilder
76%
He's playing the field and sowing his...wild oats
72%
The native fauna of a regionwildlife
70%
Irish poet who had nothing to declare except his geniusOscar Wilde
63%
African antelope also known as a gnuwildebeest
61%
A foolish, hopeless search for something unattainablewild goose chase
61%
Steppenwolf song in Easy RiderBorn to be Wild
58%
A person or thing with unpredictable influencewild card
54%
Children's book and Spike Jonze filmWhere the Wild Things Are
45%
A young, fearless and reckless personwild child
40%
Meryl Streep and Kevin Bacon rafting filmThe River Wild
37%
Rolling Stones song from Sticky Fingers albumWild Horses
32%
Sean Penn directed movie and Jon Krakauer novelInto the Wild
21%
Duran Duran song and William S. Burroughs novelThe Wild Boys
21%
Bill & Ted's excellent rock bandWyld Stallyns
21%
The Legend of Zelda (2017)Breath of the Wild
15%
Flowery Mickey Rourke filmWild Orchid
11%
Beatles song from the "White Album"Wild Honey Pie
9%

Score Distribution

Percentile by Number Answered

Percent of People with Each Score

Your Score History

You have not taken this quiz